000 002560000a22000970004500
100 1 _aRoux L., Rodolfo Ramón (López)
245 1 0 _aHistoria y fe cristiana
300 _aVol. 25, Núm 3 (1975), Páginas 51-60
773 0 _tTheologica xaveriana
942 _cANA
999 _c53122
_d53122